Statistics for June 4th: Birthdays

Click here to take the quiz!

General Stats

  • This quiz has been taken 9 times
  • The average score is 2 of 10

Answer Stats

YearClueAnswer% Correct
1975Actress in MaleficentAngelina Jolie
78%
1738King of Great BritainGeorge III
56%
1867Finnish PresidentCarl Mannerheim
22%
1971Actor in ERNoah Wyle
11%
1976Leader of the Progress PartyAlexei Navalny
0%
1893Romanian Prime MinisterArmand Călinescu
0%
18771927 Nobel Prize winnerHeinrich Wieland
0%
1915First President of MaliModibo Keïta
0%
1430Queen of DenmarkPhilippa of England
0%
1975Actor in AuthorRussell Brand
0%

Score Distribution

Percentile by Number Answered

Percent of People with Each Score

Your Score History

You have not taken this quiz